000 00545nam a2200193Ia 4500
005 20230113103835.0
008 131103s9999 xx 000 0 und d
040 _aLoreto College
041 _aEnglish
082 _a814.3
_bEME
100 _aEmerson,Ralph Waldo
245 _aEnglish traits representative men other essays
_cRalph Waldo Emerson
260 _aLondon
_bJ.M.Dent
_c1908 (1932 printing)
300 _avii,379 p.
440 _aEveryman's Library; No.944
700 _aRhys,Ernest,series ed.
850 _aLCLIB
942 _cBK
999 _c12111
_d62590